[Event "43. Olimpiada Batumi 2018 Femenina"]
[Site "Batumi GEO"]
[Date "2018.10.04"]
[Round "10.1"]
[White "Tsolakidou, Stavroula"]
[Black "Mencos Castillo, Maria"]
[Result "1-0"]
[WhiteElo "2393"]
[BlackElo "1888"]
[PlyCount "79"]
[EventDate "2018.09.24"]
[EventType "team-swiss"]
[EventRounds "11"]
[EventCountry "GEO"]
[SourceTitle "Ajedrez en Madrid"]
[Source "lmi"]
[SourceDate "2018.09.24"]
[WhiteTeam "Greece"]
[BlackTeam "Guatemala"]
[WhiteTeamCountry "GRE"]
[BlackTeamCountry "GUA"]

1. d4 Nf6 2. c4 e6 3. g3 c5 4. d5 exd5 5. cxd5 d6 6. Nc3 Nbd7 7. Nf3 Be7 8. Bg2
O-O 9. O-O a6 10. a4 b6 11. Rb1 Qc7 12. Bd2 Bb7 13. e4 Rfe8 14. h3 Bf8 15. Re1
Rab8 16. Bf4 Nh5 17. Be3 Nhf6 18. Nd2 Ba8 19. Bf1 Bb7 20. f4 h6 21. Bf2 Red8
22. Nc4 Ne8 23. b4 Ba8 24. b5 a5 25. Qd2 Ndf6 26. Bg2 Qd7 27. Rbd1 Nh7 28. Kh2
Qc7 29. Qd3 f6 30. g4 g5 31. e5 gxf4 32. e6 Qg7 33. Ne2 Be7 34. Nxf4 Nf8 35.
Be4 Nc7 36. Nh5 Qh8 37. Be3 Nfxe6 38. dxe6 d5 39. Bxd5 Bxd5 40. Qg6+ 1-0

[Event "43. Olimpiada Batumi 2018 Femenina"]
[Site "Batumi GEO"]
[Date "2018.10.04"]
[Round "10.2"]
[White "Cruz Lima, Kimberly Esmeralda"]
[Black "Avramidou, Anastasia"]
[Result "0-1"]
[WhiteElo "1626"]
[BlackElo "2260"]
[PlyCount "66"]
[EventDate "2018.09.24"]
[EventType "team-swiss"]
[EventRounds "11"]
[EventCountry "GEO"]
[SourceTitle "Ajedrez en Madrid"]
[Source "lmi"]
[SourceDate "2018.09.24"]
[WhiteTeam "Guatemala"]
[BlackTeam "Greece"]
[WhiteTeamCountry "GUA"]
[BlackTeamCountry "GRE"]

1. b3 d5 2. e3 Nf6 3. Bb2 Bg4 4. Be2 Bxe2 5. Nxe2 Nbd7 6. d4 e6 7. Nd2 Bd6 8.
c4 c6 9. Rc1 Qc7 10. h3 O-O 11. O-O Rfe8 12. Nc3 a6 13. Re1 Rad8 14. Qc2 e5 15.
dxe5 Nxe5 16. cxd5 cxd5 17. Red1 Qd7 18. Qb1 Qe6 19. Ne2 Nc6 20. Nf3 Ne4 21.
Nc3 Bb8 22. Nxe4 dxe4 23. Nd2 f5 24. a3 f4 25. Rc4 fxe3 26. Nxe4 exf2+ 27. Kf1
b5 28. Rxd8 Nxd8 29. Rc1 Qxe4 30. Qxe4 Rxe4 31. Rc8 Bg3 32. Rxd8+ Kf7 33. Rd1
Re1+ 0-1

[Event "43. Olimpiada Batumi 2018 Femenina"]
[Site "Batumi GEO"]
[Date "2018.10.04"]
[Round "10.3"]
[White "Pavlidou, Ekaterini"]
[Black "Mazariegos, Silvia Carolina"]
[Result "1/2-1/2"]
[WhiteElo "2194"]
[BlackElo "1922"]
[PlyCount "82"]
[EventDate "2018.09.24"]
[EventType "team-swiss"]
[EventRounds "11"]
[EventCountry "GEO"]
[SourceTitle "Ajedrez en Madrid"]
[Source "lmi"]
[SourceDate "2018.09.24"]
[WhiteTeam "Greece"]
[BlackTeam "Guatemala"]
[WhiteTeamCountry "GRE"]
[BlackTeamCountry "GUA"]

1. d4 d6 2. e4 Nc6 3. Nc3 e5 4. d5 Nce7 5. h3 g6 6. g4 h5 7. g5 f5 8. gxf6 Nxf6
9. Bg5 Bg7 10. Qd2 O-O 11. O-O-O Nh7 12. Be3 a6 13. Bg2 Bd7 14. Nf3 Rf7 15.
Rdg1 Qf8 16. Ne1 b5 17. Bf1 Rf6 18. Bd3 Kh8 19. Rh2 Ng8 20. h4 Bh6 21. Bg5 Bxg5
22. hxg5 Rf4 23. f3 Ne7 24. Qg2 Qg7 25. Ne2 Rf7 26. Qg3 Nf8 27. Ng2 Kg8 28. Nh4
c5 29. c4 b4 30. Qg2 Be8 31. Kb1 Nc8 32. Ng3 Rc7 33. Rgh1 Ne7 34. Nf1 a5 35.
Ne3 a4 36. Rg1 Nc8 37. Qg3 a3 38. b3 Raa7 39. Bf1 Rf7 40. Bh3 Bd7 41. Bxd7
Raxd7 1/2-1/2

[Event "43. Olimpiada Batumi 2018 Femenina"]
[Site "Batumi GEO"]
[Date "2018.10.04"]
[Round "10.4"]
[White "Diaz, Luisa"]
[Black "Markantonaki, Haritomeni"]
[Result "0-1"]
[WhiteElo "1718"]
[BlackElo "2149"]
[PlyCount "106"]
[EventDate "2018.09.24"]
[EventType "team-swiss"]
[EventRounds "11"]
[EventCountry "GEO"]
[SourceTitle "Ajedrez en Madrid"]
[Source "lmi"]
[SourceDate "2018.09.24"]
[WhiteTeam "Guatemala"]
[BlackTeam "Greece"]
[WhiteTeamCountry "GUA"]
[BlackTeamCountry "GRE"]

1. e4 c5 2. Nf3 e6 3. d4 cxd4 4. Nxd4 Nc6 5. Nc3 Qc7 6. f4 Nxd4 7. Qxd4 a6 8.
Be3 b5 9. Be2 Bb7 10. O-O Rc8 11. Rac1 Nf6 12. Bf3 h5 13. h3 h4 14. e5 Nh5 15.
Ne4 Bxe4 16. Bxe4 Ng3 17. Rf2 Bc5 18. Qd3 Bxe3 19. Qxe3 Qc5 20. Qxc5 Rxc5 21.
Bb7 a5 22. Rd1 Ke7 23. Rfd2 Rd8 24. Kf2 f6 25. exf6+ gxf6 26. c3 d5 27. Re1
Ne4+ 28. Rxe4 dxe4 29. Rxd8 Kxd8 30. Bxe4 b4 31. cxb4 axb4 32. Bd3 Ke7 33. Ke3
f5 34. Kd2 Kd6 35. Bc2 Rc4 36. a4 bxa3 37. bxa3 Rxf4 38. Ke3 Rc4 39. Kd3 Rc7
40. a4 Rg7 41. a5 Ra7 42. Bd1 Rxa5 43. Bf3 Ke5 44. Ke3 Ra3+ 45. Ke2 Kf4 46. Bb7
e5 47. Bd5 e4 48. Be6 Rc3 49. Bd7 Rc2+ 50. Kf1 Kg3 51. Ke1 f4 52. Bf5 Rc5 53.
Bd7 Kxg2 0-1

[Event "43. Olimpiada Batumi 2018 Femenina"]
[Site "Batumi GEO"]
[Date "2018.10.04"]
[Round "10.1"]
[White "Peng, Zhaoqin"]
[Black "Goossens, Hanne"]
[Result "1-0"]
[WhiteElo "2367"]
[BlackElo "2220"]
[PlyCount "120"]
[EventDate "2018.09.24"]
[EventType "team-swiss"]
[EventRounds "11"]
[EventCountry "GEO"]
[SourceTitle "Ajedrez en Madrid"]
[Source "lmi"]
[SourceDate "2018.09.24"]
[WhiteTeam "Netherlands"]
[BlackTeam "Belgium"]
[WhiteTeamCountry "NED"]
[BlackTeamCountry "BEL"]

1. c4 f5 2. d4 Nf6 3. Nc3 e6 4. Nf3 Bb4 5. Qb3 a5 6. Bd2 O-O 7. g3 d6 8. Bg2
Ne4 9. Rd1 Nxd2 10. Rxd2 Nd7 11. O-O Nf6 12. Rdd1 Bxc3 13. Qxc3 Ne4 14. Qc2 Qe7
15. Nd2 Nf6 16. c5 e5 17. Nc4 e4 18. cxd6 cxd6 19. Nb6 Rb8 20. Rc1 Be6 21. Qa4
Qd8 22. Qb5 Nd7 23. Nd5 Nf6 24. Nc7 Bd7 25. Qxa5 Bc6 26. b4 Ne8 27. d5 Qxc7 28.
Qxc7 Nxc7 29. dxc6 b5 30. f3 d5 31. g4 g6 32. gxf5 gxf5 33. fxe4 fxe4 34. Rc3
Rxf1+ 35. Kxf1 Kf7 36. Bh3 Rf8 37. Bd7 Ke7+ 38. Ke1 Rf6 39. Rh3 h6 40. Kd2 Kd6
41. Ke3 Rg6 42. Kd4 Rf6 43. a3 Rg6 44. Rh5 Rf6 45. e3 Rg6 46. Rf5 Rg2 47. Rf6+
Ke7 48. Rxh6 Rd2+ 49. Kc5 d4 50. Rh4 dxe3 51. Rxe4+ Kd8 52. Rxe3 Rc2+ 53. Kd4
Rxh2 54. Rh3 Rc2 55. Ke5 Rd2 56. Rh8+ Ke7 57. Rh7+ Kd8 58. Bg4 Rd5+ 59. Ke4 Rg5
60. Rd7+ Ke8 1-0

[Event "43. Olimpiada Batumi 2018 Femenina"]
[Site "Batumi GEO"]
[Date "2018.10.04"]
[Round "10.2"]
[White "Barbier, Wiebke"]
[Black "Haast, Anne"]
[Result "0-1"]
[WhiteElo "1998"]
[BlackElo "2345"]
[PlyCount "58"]
[EventDate "2018.09.24"]
[EventType "team-swiss"]
[EventRounds "11"]
[EventCountry "GEO"]
[SourceTitle "Ajedrez en Madrid"]
[Source "lmi"]
[SourceDate "2018.09.24"]
[WhiteTeam "Belgium"]
[BlackTeam "Netherlands"]
[WhiteTeamCountry "BEL"]
[BlackTeamCountry "NED"]

1. e4 c5 2. d3 e6 3. f4 d5 4. Be2 b6 5. Nf3 Bb7 6. Nc3 g6 7. O-O Bg7 8. e5 a6
9. d4 Ne7 10. Be3 Nd7 11. g4 Qc7 12. a4 h5 13. h3 hxg4 14. hxg4 cxd4 15. Nxd4
g5 16. Ndb5 axb5 17. Nxb5 Qb8 18. Nd6+ Kf8 19. Bb5 Bc6 20. Qf3 Bxb5 21. Nxb5
Ng6 22. b3 gxf4 23. Bxf4 Ndxe5 24. Qg3 Nxf4 25. Rxf4 Ng6 26. Rxf7+ Kxf7 27.
Rf1+ Kg8 28. Nc7 Bd4+ 29. Kg2 Nh4+ 0-1

[Event "43. Olimpiada Batumi 2018 Femenina"]
[Site "Batumi GEO"]
[Date "2018.10.04"]
[Round "10.3"]
[White "Lanchava, Tea"]
[Black "Barbier, Astrid"]
[Result "1-0"]
[WhiteElo "2339"]
[BlackElo "1894"]
[PlyCount "77"]
[EventDate "2018.09.24"]
[EventType "team-swiss"]
[EventRounds "11"]
[EventCountry "GEO"]
[SourceTitle "Ajedrez en Madrid"]
[Source "lmi"]
[SourceDate "2018.09.24"]
[WhiteTeam "Netherlands"]
[BlackTeam "Belgium"]
[WhiteTeamCountry "NED"]
[BlackTeamCountry "BEL"]

1. d4 f5 2. g3 Nf6 3. Bg2 g6 4. Nh3 Bg7 5. Nf4 Nc6 6. d5 Ne5 7. Nc3 c6 8. O-O
cxd5 9. Nfxd5 O-O 10. e4 e6 11. Nxf6+ Bxf6 12. f4 Nf7 13. e5 Bg7 14. Be3 d5 15.
a4 b6 16. Qd3 Bb7 17. a5 bxa5 18. Qb5 Qc7 19. Qxa5 Qxa5 20. Rxa5 a6 21. Na4 Bc6
22. Nc5 Nd8 23. Rfa1 Re8 24. Rxa6 Rb8 25. b3 Bf8 26. R1a5 Re7 27. c3 Rc7 28. b4
Kf7 29. Ra7 Rxa7 30. Rxa7+ Kg8 31. Rc7 Bb5 32. Nxe6 Nxe6 33. Bxd5 Re8 34. c4
Ba4 35. b5 Bc2 36. Rc8 Kf7 37. Rxe8 Kxe8 38. Bxe6 Bd3 39. b6 1-0

[Event "43. Olimpiada Batumi 2018 Femenina"]
[Site "Batumi GEO"]
[Date "2018.10.04"]
[Round "10.4"]
[White "Cuvelier, Annelies"]
[Black "Paulet, Iozefina"]
[Result "0-1"]
[WhiteElo "1809"]
[BlackElo "2275"]
[PlyCount "46"]
[EventDate "2018.09.24"]
[EventType "team-swiss"]
[EventRounds "11"]
[EventCountry "GEO"]
[SourceTitle "Ajedrez en Madrid"]
[Source "lmi"]
[SourceDate "2018.09.24"]
[WhiteTeam "Belgium"]
[BlackTeam "Netherlands"]
[WhiteTeamCountry "BEL"]
[BlackTeamCountry "NED"]

1. e4 c5 2. Nf3 d6 3. d4 cxd4 4. Nxd4 Nf6 5. Nc3 a6 6. Be3 e5 7. Nb3 Be6 8. Qd2
Be7 9. h3 O-O 10. g4 Nbd7 11. f3 b5 12. a3 Nb6 13. Nc1 d5 14. Bxb6 Qxb6 15.
Nxd5 Nxd5 16. exd5 Bh4+ 17. Kd1 Bxd5 18. Qe2 f5 19. Bg2 e4 20. fxe4 fxe4 21.
Bxe4 Qc6 22. Bxh7+ Kxh7 23. Rf1 Bf3 0-1

[Event "43. Olimpiada Batumi 2018 Femenina"]
[Site "Batumi GEO"]
[Date "2018.10.04"]
[Round "10.1"]
[White "Houska, Jovanka"]
[Black "Aseel, Odeh"]
[Result "1-0"]
[WhiteElo "2402"]
[BlackElo "1647"]
[PlyCount "69"]
[EventDate "2018.09.24"]
[EventType "team-swiss"]
[EventRounds "11"]
[EventCountry "GEO"]
[SourceTitle "Ajedrez en Madrid"]
[Source "lmi"]
[SourceDate "2018.09.24"]
[WhiteTeam "England"]
[BlackTeam "Jordan"]
[WhiteTeamCountry "ENG"]
[BlackTeamCountry "JOR"]

1. Nf3 Nf6 2. d4 g6 3. g3 Bg7 4. Bg2 d6 5. O-O O-O 6. b3 Nbd7 7. Bb2 c5 8. c4
b6 9. dxc5 Nxc5 10. Nd4 Bb7 11. Nc3 Qd7 12. Nd5 Nxd5 13. cxd5 a5 14. Rc1 Qg4
15. Qd2 Ne4 16. Qe3 Nf6 17. Nc6 Bxc6 18. dxc6 e6 19. Ba3 Qh5 20. Bf3 Ng4 21.
Bxg4 Qxg4 22. Bxd6 Rfc8 23. Qxb6 Qxe2 24. a4 Qd2 25. Rfd1 Qe2 26. Bf4 e5 27.
Be3 Ra6 28. Rd8+ Bf8 29. Rxc8 Rxb6 30. Bxb6 Qd2 31. Be3 Qd6 32. Bh6 Qe7 33.
Rxf8+ Qxf8 34. Bxf8 Kxf8 35. c7 1-0

[Event "43. Olimpiada Batumi 2018 Femenina"]
[Site "Batumi GEO"]
[Date "2018.10.04"]
[Round "10.2"]
[White "Raya, Alnaimat"]
[Black "Kalaiyalahan, Akshaya"]
[Result "0-1"]
[WhiteElo "1676"]
[BlackElo "2253"]
[PlyCount "102"]
[EventDate "2018.09.24"]
[EventType "team-swiss"]
[EventRounds "11"]
[EventCountry "GEO"]
[SourceTitle "Ajedrez en Madrid"]
[Source "lmi"]
[SourceDate "2018.09.24"]
[WhiteTeam "Jordan"]
[BlackTeam "England"]
[WhiteTeamCountry "JOR"]
[BlackTeamCountry "ENG"]

1. d4 Nf6 2. Bf4 g6 3. e3 Bg7 4. Nf3 O-O 5. Nbd2 d6 6. h3 Nc6 7. Be2 Nd7 8. Bh2
e5 9. c3 f5 10. Qb3+ Kh8 11. h4 Qe7 12. Ng5 Nd8 13. Ndf3 e4 14. Nd2 a5 15. a4
h6 16. Bc4 Nb6 17. Bf4 Nxc4 18. Qxc4 Bf6 19. f3 Kg7 20. Nh3 exf3 21. Nxf3 Nf7
22. Nf2 g5 23. hxg5 hxg5 24. Bh2 Qxe3+ 25. Kf1 Qe7 26. Re1 Qd8 27. Nd3 b6 28.
Qd5 Bd7 29. Qb3 c6 30. Qd1 Rh8 31. Kf2 Bc8 32. Qc2 Nh6 33. Kg1 Ng4 34. Qe2 Nxh2
35. Rxh2 Bd7 36. Qf2 Rxh2 37. Nxh2 c5 38. dxc5 dxc5 39. Ne5 Qc7 40. Nxd7 Qxd7
41. Rf1 Rf8 42. Qc2 Qe6 43. Nf3 g4 44. Re1 Qf7 45. Nd2 Qh5 46. Qd1 Rh8 47. Nf1
Qh1+ 48. Kf2 Bh4+ 49. Ng3 Bxg3+ 50. Kxg3 Qh4+ 51. Kf4 g3+ 0-1

[Event "43. Olimpiada Batumi 2018 Femenina"]
[Site "Batumi GEO"]
[Date "2018.10.04"]
[Round "10.3"]
[White "Ciuksyte, Dagne"]
[Black "Alattar, Ghayda M"]
[Result "1-0"]
[WhiteElo "2308"]
[BlackElo "1926"]
[PlyCount "83"]
[EventDate "2018.09.24"]
[EventType "team-swiss"]
[EventRounds "11"]
[EventCountry "GEO"]
[SourceTitle "Ajedrez en Madrid"]
[Source "lmi"]
[SourceDate "2018.09.24"]
[WhiteTeam "England"]
[BlackTeam "Jordan"]
[WhiteTeamCountry "ENG"]
[BlackTeamCountry "JOR"]

1. e4 e5 2. Nf3 Nc6 3. Bc4 Nf6 4. d3 Be7 5. O-O O-O 6. Re1 d6 7. a4 Bg4 8. h3
Bh5 9. c3 d5 10. exd5 Nxd5 11. a5 Nf4 12. a6 b6 13. Bb5 Nb8 14. Rxe5 Bd6 15.
Bxf4 Bxe5 16. Bxe5 Qd5 17. Na3 c6 18. Bxb8 cxb5 19. Bg3 Rad8 20. d4 b4 21. Nc2
bxc3 22. bxc3 Qb3 23. Qd2 Bxf3 24. gxf3 Rc8 25. Ra3 Qb2 26. d5 b5 27. Bd6 Rfe8
28. Bb4 Qb1+ 29. Kg2 Rcd8 30. Ra1 Qb2 31. d6 Re6 32. Rd1 Qb3 33. Ne3 Rg6+ 34.
Kh2 Qe6 35. Qd5 Qf6 36. Qf5 Qh4 37. Rd2 h6 38. d7 Rxa6 39. Qe4 Qf6 40. Nd5 Qg5
41. f4 Qh4 42. Be7 1-0

[Event "43. Olimpiada Batumi 2018 Femenina"]
[Site "Batumi GEO"]
[Date "2018.10.04"]
[Round "10.4"]
[White "Boshra, Alshaeby"]
[Black "Head, Louise"]
[Result "1-0"]
[WhiteElo "1979"]
[BlackElo "2161"]
[PlyCount "143"]
[EventDate "2018.09.24"]
[EventType "team-swiss"]
[EventRounds "11"]
[EventCountry "GEO"]
[SourceTitle "Ajedrez en Madrid"]
[Source "lmi"]
[SourceDate "2018.09.24"]
[WhiteTeam "Jordan"]
[BlackTeam "England"]
[WhiteTeamCountry "JOR"]
[BlackTeamCountry "ENG"]

1. e4 c6 2. d4 d5 3. f3 e6 4. Nc3 Bb4 5. Nge2 Nd7 6. a3 Ba5 7. Be3 Ne7 8. Qd3
dxe4 9. fxe4 e5 10. O-O-O O-O 11. d5 cxd5 12. Nxd5 Nxd5 13. Qxd5 Qc7 14. Ng3
Nf6 15. Qc5 Be6 16. Qxc7 Bxc7 17. Be2 Ng4 18. Bc5 Rfc8 19. Nf5 Bxf5 20. exf5
Nf6 21. Be7 Ne4 22. Bf3 Nf2 23. Bxb7 Nxh1 24. Bxa8 Nf2 25. Rd7 e4 26. g3 Bb6
27. Bb7 Rc4 28. Ba6 Rc6 29. Be2 h6 30. c4 Nh3 31. Kd2 Bg1 32. b4 Bxh2 33. Bd6
Ng5 34. Rd8+ Kh7 35. b5 Rxd6+ 36. Rxd6 Bxg3 37. Rd7 Bf4+ 38. Kc2 Be3 39. Rc7
Nf3 40. c5 Nd4+ 41. Kd1 Nxf5 42. Rxf7 Kg6 43. Rxa7 Bxc5 44. Ra6+ Nd6 45. a4 Kf5
46. Rc6 Bb4 47. a5 Nxb5 48. Bxb5 Bxa5 49. Rc5+ Kf4 50. Bc6 Bb6 51. Rc4 h5 52.
Rxe4+ Kf5 53. Rb4 Bc7 54. Be8 g6 55. Rb5+ Kg4 56. Bxg6 h4 57. Bf5+ Kg3 58. Ke2
Kg2 59. Rb7 Be5 60. Re7 Bg3 61. Rg7 h3 62. Be4+ Kh2 63. Kf1 Be1 64. Bf5 Bh4 65.
Ke2 Bg3 66. Rh7 Be5 67. Kf2 Bd4+ 68. Kf3 Kg1 69. Bxh3 Be5 70. Bg2 Bh2 71. Rh3
Bg3 72. Rh1# 1-0

[Event "43. Olimpiada Batumi 2018 Femenina"]
[Site "Batumi GEO"]
[Date "2018.10.04"]
[Round "10.1"]
[White "February, Jesse Nikki"]
[Black "Dolzhikova, Olga"]
[Result "0-1"]
[WhiteElo "1933"]
[BlackElo "2184"]
[PlyCount "62"]
[EventDate "2018.09.24"]
[EventType "team-swiss"]
[EventRounds "11"]
[EventCountry "GEO"]
[SourceTitle "Ajedrez en Madrid"]
[Source "lmi"]
[SourceDate "2018.09.24"]
[WhiteTeam "South Africa"]
[BlackTeam "Norway"]
[WhiteTeamCountry "RSA"]
[BlackTeamCountry "NOR"]

1. e4 g6 2. d4 Bg7 3. Nf3 c5 4. c3 cxd4 5. cxd4 d5 6. e5 Bg4 7. Bb5+ Nc6 8. Nc3
Nh6 9. h3 Bxf3 10. Qxf3 e6 11. g4 O-O 12. Be3 f6 13. exf6 Rxf6 14. Qg2 Rf8 15.
Bxc6 bxc6 16. O-O Nf7 17. Rfd1 e5 18. Rac1 exd4 19. Bxd4 Bxd4 20. Rxd4 Ne5 21.
Kh1 Nf3 22. Rd3 Qf6 23. Qg3 Rae8 24. Kg2 Ne1+ 25. Rxe1 Rxe1 26. f3 Qe7 27. Qf2
Re8 28. b3 Rc1 29. Nd1 Qe2 30. Re3 Qxf2+ 31. Kxf2 Rc2+ 0-1

[Event "43. Olimpiada Batumi 2018 Femenina"]
[Site "Batumi GEO"]
[Date "2018.10.04"]
[Round "10.2"]
[White "Hagesather, Ellen"]
[Black "Bouah, Denise"]
[Result "1-0"]
[WhiteElo "2181"]
[BlackElo "1780"]
[PlyCount "65"]
[EventDate "2018.09.24"]
[EventType "team-swiss"]
[EventRounds "11"]
[EventCountry "GEO"]
[SourceTitle "Ajedrez en Madrid"]
[Source "lmi"]
[SourceDate "2018.09.24"]
[WhiteTeam "Norway"]
[BlackTeam "South Africa"]
[WhiteTeamCountry "NOR"]
[BlackTeamCountry "RSA"]

1. c4 c5 2. g3 Nc6 3. Bg2 g6 4. Nc3 Bg7 5. a3 e6 6. Rb1 Nge7 7. b4 d6 8. Nf3
O-O 9. O-O Rb8 10. e3 Nf5 11. Ne2 Qc7 12. d4 cxb4 13. axb4 b5 14. e4 Nfe7 15.
d5 Ne5 16. Nxe5 Bxe5 17. f4 Bg7 18. c5 exd5 19. f5 f6 20. Bf4 Qd7 21. Bxd6 Rb7
22. fxg6 hxg6 23. exd5 Qd8 24. Nd4 Re8 25. Ne6 Bxe6 26. dxe6 Rb8 27. Bxb8 Qxb8
28. Qd6 Qc8 29. Ra1 Bf8 30. Qd7 Qb8 31. Rxa7 Rd8 32. Ra8 Rxd7 33. exd7 1-0

[Event "43. Olimpiada Batumi 2018 Femenina"]
[Site "Batumi GEO"]
[Date "2018.10.04"]
[Round "10.3"]
[White "Fisher, Michelle M"]
[Black "Sahl, Sheila Barth"]
[Result "1/2-1/2"]
[WhiteElo "1707"]
[BlackElo "2136"]
[PlyCount "104"]
[EventDate "2018.09.24"]
[EventType "team-swiss"]
[EventRounds "11"]
[EventCountry "GEO"]
[SourceTitle "Ajedrez en Madrid"]
[Source "lmi"]
[SourceDate "2018.09.24"]
[WhiteTeam "South Africa"]
[BlackTeam "Norway"]
[WhiteTeamCountry "RSA"]
[BlackTeamCountry "NOR"]

1. c4 e5 2. Nc3 Bb4 3. Nd5 Bc5 4. Nf3 c6 5. Nc3 Qe7 6. d4 exd4 7. Nxd4 d6 8. e3
Nf6 9. a3 a5 10. Be2 O-O 11. O-O Rd8 12. Na4 Nbd7 13. Nb3 Ba7 14. Bd2 b6 15.
Nd4 Bb7 16. Rc1 Ne4 17. Bf3 Ndf6 18. Nc3 Bb8 19. Qc2 Nxd2 20. Qxd2 d5 21. cxd5
cxd5 22. Ncb5 h5 23. Nc6 Bxc6 24. Rxc6 Ne4 25. Qd4 Be5 26. Qd3 Rab8 27. Nd4 h4
28. Rfc1 g6 29. R6c2 Nc5 30. Qb5 Bxd4 31. exd4 Ne6 32. Qe2 Qg5 33. Qe5 Qxe5 34.
dxe5 Nd4 35. Rc3 Re8 36. Re1 Rbd8 37. Rd3 Nxf3+ 38. Rxf3 d4 39. Rd3 Rd5 40. f4
f6 41. Re4 Red8 42. exf6 Kf7 43. b4 Kxf6 44. Kf2 Kf5 45. Kf3 Rc8 46. g4+ hxg3
47. hxg3 axb4 48. g4+ Kf6 49. axb4 Rc4 50. b5 Rb4 51. Ke2 Ra4 52. Kf3 Rb4
1/2-1/2

[Event "43. Olimpiada Batumi 2018 Femenina"]
[Site "Batumi GEO"]
[Date "2018.10.04"]
[Round "10.4"]
[White "Kyrkjebo, Hanna B"]
[Black "Selkirk, Rebecca"]
[Result "1-0"]
[WhiteElo "1947"]
[BlackElo "1733"]
[PlyCount "43"]
[EventDate "2018.09.24"]
[EventType "team-swiss"]
[EventRounds "11"]
[EventCountry "GEO"]
[SourceTitle "Ajedrez en Madrid"]
[Source "lmi"]
[SourceDate "2018.09.24"]
[WhiteTeam "Norway"]
[BlackTeam "South Africa"]
[WhiteTeamCountry "NOR"]
[BlackTeamCountry "RSA"]

1. e4 c6 2. d4 d5 3. Nc3 dxe4 4. Nxe4 Nd7 5. Ng5 Ngf6 6. Bd3 e6 7. N1f3 h6 8.
Nxe6 Qe7 9. O-O fxe6 10. Bg6+ Kd8 11. Bf4 Qb4 12. Re1 Be7 13. Qd3 c5 14. c4 b5
15. dxc5 Bxc5 16. Ne5 Bb7 17. Nxd7 bxc4 18. Qh3 Nxd7 19. Qxe6 Bxf2+ 20. Kxf2
Qxb2+ 21. Re2 Qd4+ 22. Kg3 1-0

[Event "43. Olimpiada Batumi 2018 Femenina"]
[Site "Batumi GEO"]
[Date "2018.10.04"]
[Round "10.1"]
[White "Shabanaj, Eglantina"]
[Black "Berend, Elvira"]
[Result "0-1"]
[WhiteElo "1953"]
[BlackElo "2300"]
[PlyCount "149"]
[EventDate "2018.09.24"]
[EventType "team-swiss"]
[EventRounds "11"]
[EventCountry "GEO"]
[SourceTitle "Ajedrez en Madrid"]
[Source "lmi"]
[SourceDate "2018.09.24"]
[WhiteTeam "Albania"]
[BlackTeam "Luxembourg"]
[WhiteTeamCountry "ALB"]
[BlackTeamCountry "LUX"]

1. d4 Nf6 2. Nf3 g6 3. e3 Bg7 4. b3 c5 5. Bb2 O-O 6. d5 d6 7. c4 b5 8. Nbd2
bxc4 9. Bxc4 Nbd7 10. O-O Nb6 11. e4 a5 12. Re1 a4 13. Rb1 axb3 14. axb3 Ra2
15. Bc3 Ra8 16. Qc2 Bb7 17. h3 Qc7 18. Ra1 Nbd7 19. Ra4 Nh5 20. Bxg7 Kxg7 21.
Qc3+ Kg8 22. e5 dxe5 23. Nxe5 Nhf6 24. Nc6 Bxc6 25. dxc6 Qxc6 26. Rxa8 Qxa8 27.
Rxe7 Qc6 28. Qd3 Nb6 29. Nf3 Nxc4 30. bxc4 Nh5 31. Qe4 Qxe4 32. Rxe4 Ng7 33.
Re5 Rc8 34. Nd2 Ne6 35. Ne4 Kg7 36. g3 h6 37. Kg2 Rc6 38. Rd5 Rc7 39. f4 f5 40.
Nd6 Ra7 41. Nb5 Ra2+ 42. Kf3 Rc2 43. Nd6 Nd4+ 44. Ke3 Re2+ 45. Kd3 Rg2 46. Rxc5
Ne6 47. Re5 Rxg3+ 48. Re3 Nxf4+ 49. Kd4 Rxe3 50. Kxe3 Ne6 51. Nb7 Kf6 52. c5
Ke5 53. c6 Nc7 54. Nd8 Kf6 55. Kf3 g5 56. Nb7 h5 57. Nc5 Ne6 58. Nd7+ Ke7 59.
Ne5 Nc7 60. Kg3 Ke6 61. Ng6 Kf6 62. Nf8 f4+ 63. Kf3 Kf5 64. Nd7 Ne6 65. Nc5
Nd4+ 66. Kf2 Nxc6 67. Nd3 Ne5 68. Nc5 g4 69. hxg4+ hxg4 70. Nb3 g3+ 71. Kg2 Kg4
72. Nd2 f3+ 73. Kg1 Nd3 74. Kf1 Nf4 75. Kg1 0-1

[Event "43. Olimpiada Batumi 2018 Femenina"]
[Site "Batumi GEO"]
[Date "2018.10.04"]
[Round "10.2"]
[White "Aghabekian, Liana"]
[Black "Shabanaj, Alda"]
[Result "1-0"]
[WhiteElo "2188"]
[BlackElo "1853"]
[PlyCount "81"]
[EventDate "2018.09.24"]
[EventType "team-swiss"]
[EventRounds "11"]
[EventCountry "GEO"]
[SourceTitle "Ajedrez en Madrid"]
[Source "lmi"]
[SourceDate "2018.09.24"]
[WhiteTeam "Luxembourg"]
[BlackTeam "Albania"]
[WhiteTeamCountry "LUX"]
[BlackTeamCountry "ALB"]

1. e4 d6 2. d4 g6 3. Nc3 Bg7 4. f4 Nf6 5. Nf3 O-O 6. Bd3 c6 7. O-O Qc7 8. h3
Nbd7 9. e5 Ne8 10. Qe1 e6 11. Qh4 c5 12. d5 dxe5 13. dxe6 fxe6 14. Ng5 Ndf6 15.
Bc4 exf4 16. Bxe6+ Bxe6 17. Nxe6 Qe5 18. Nxf8 g5 19. Qe1 Qxe1 20. Rxe1 Kxf8 21.
Re5 h6 22. Rxc5 Nd6 23. Bd2 Rd8 24. Be1 Nfe4 25. Rd5 Rc8 26. Nxe4 Nxe4 27. Bb4+
Kg8 28. Re1 Ng3 29. c3 b6 30. Kf2 Kh7 31. Re7 a5 32. Ba3 Rc6 33. Rd6 Rc4 34.
Rxb6 Rc8 35. Rbb7 Nf5 36. Rf7 Kg6 37. Rxf5 Bd4+ 38. cxd4 Kxf5 39. Kf3 h5 40.
Rb5+ Kf6 41. Rxa5 1-0

[Event "43. Olimpiada Batumi 2018 Femenina"]
[Site "Batumi GEO"]
[Date "2018.10.04"]
[Round "10.3"]
[White "Gjergji, Rozana"]
[Black "Steil-Antoni, Fiona"]
[Result "1/2-1/2"]
[WhiteElo "1924"]
[BlackElo "2143"]
[PlyCount "147"]
[EventDate "2018.09.24"]
[EventType "team-swiss"]
[EventRounds "11"]
[EventCountry "GEO"]
[SourceTitle "Ajedrez en Madrid"]
[Source "lmi"]
[SourceDate "2018.09.24"]
[WhiteTeam "Albania"]
[BlackTeam "Luxembourg"]
[WhiteTeamCountry "ALB"]
[BlackTeamCountry "LUX"]

1. e4 e5 2. Nf3 Nc6 3. Bb5 Nd4 4. Nxd4 exd4 5. O-O Bc5 6. d3 c6 7. Ba4 d6 8. c3
Qf6 9. Kh1 h5 10. Bd2 Nh6 11. f3 Bd7 12. cxd4 Bxd4 13. Bc3 g5 14. Qe1 O-O-O 15.
Na3 h4 16. Nc2 Bxc3 17. bxc3 g4 18. f4 g3 19. h3 Rdg8 20. f5 Qe7 21. Rb1 f6 22.
Nb4 Qe5 23. Qe3 Qa5 24. Bd1 Nf7 25. Bb3 Rg7 26. Qd4 Ng5 27. Qxf6 Qe5 28. Qxe5
dxe5 29. Kg1 Be8 30. f6 Rgh7 31. Rf5 Nf7 32. Bxf7 Rxf7 33. Rbf1 Bd7 34. R5f3
Be6 35. Nc2 Rd8 36. a3 c5 37. Ne3 Rxd3 38. Ng4 Rxf3 39. Rxf3 Bxg4 40. hxg4 Kd7
41. g5 Ke6 42. Kf1 b5 43. Ke2 a5 44. Kd3 Rf8 45. Rf1 Kf7 46. Ke3 Kg6 47. Rf5
Re8 48. Kf3 b4 49. cxb4 axb4 50. axb4 cxb4 51. Kg4 b3 52. Kxh4 b2 53. Rf1 Rb8
54. Rb1 Rb4 55. Kxg3 Rxe4 56. Rxb2 Kxg5 57. f7 Rg4+ 58. Kh3 Rh4+ 59. Kg3 Rg4+
60. Kh2 Rf4 61. Rb7 e4 62. Re7 Kg6 63. Rxe4 Rxf7 64. Re5 Ra7 65. g4 Ra1 66. Rb5
Rc1 67. Kg2 Ra1 68. Rf5 Rb1 69. Kg3 Rg1+ 70. Kf4 Rf1+ 71. Ke4 Re1+ 72. Kf4 Rf1+
73. Ke4 Re1+ 74. Kf4 1/2-1/2